000 00302nam a22001337a 4500
008 170525b xxu||||| |||| 00| 0 eng d
020 _a9780201742251
041 _aeng
080 _a62
100 _a26
101 _aIM
245 _aPROJECT-BASED SOFTWARE ENGINEERING
_cSTILLER, E
942 _2udc
_cBK
999 _c14253
_d14253